Recordmen et recordwomen (prénom et nom) de sélections en éq - Statistiques

Statistiques générales
  • Ce quiz a été pris 30 fois
  • Le résultat moyen est 1 sur 10
Statistiques - réponses
trouvez la ou le recor(wo)man de sélections en équipe de France du sport indiqué Réponse % Correct
Foot masculin Lilian Thuram
90%
Rugby masculin Fabien Pelous
31%
Handball masculin Jackson Richardson
10%
Basket féminin Céline Dumerc
3%
Basket masculin Hervé Dubuisson
3%
Volley féminin Catherine Claidat-Faure
0%
Volley masculin Hervé Mazzon
0%
Handball féminin Isabelle Wendling
0%
Rugby féminin Laetitia Salles
0%
Foot féminin Sandrine Soubeyrand
0%
Aucun quiz correspondant
Distribution des résultats
% des personnes avec chaque résultat
Percentile par nombre de réponses
Votre historique - résultats
Vous n’avez pas pris ce quiz